LEADER 00833nam a2200205 i 4500 001 000000137379 003 CaOOAMICUS 005 20061012000000.0 008 061012s1945 it u000 u ita u 013 $a111154 040 $aSeMil$bita 100 1 $aGuano, Emilio .$0(OLS)http://semarc/name/7621 245 13$aLa continuazione di Cristo e la consumazione delle cose. 300 $a317 p. 650 4$aCristologia - Manuali.$0(OLS)http://semarc/subject/1874 773 0 $aGuano, Emilio $tRivelazione di Dio.$dRoma : Studium, 1941-1944-$gVol.4$w()16554 850 $aSeMil 852 $aSeMil$W1$xVenegono$y1$m2C I 486$j90925$B90925$CSeMilBibl$Z2$F115540 $81 961 $aRecupero: Altro 996 $6245$aLa continuazione di Cristo e la consumazione delle cose$9(OLS)http://semarc/title/200724 LEADER 01585nam a2200277 i 4500 001 000000066988 003 CaOOAMICUS 005 20140131000000.0 008 140131s1951 xx u000 u eng u 013 $a38160 040 $aSeMil$bita 100 1 $aWilliams, Michael E.$0(OLS)http://semarc/name/33572 245 14$aThe teaching of Gilbert Porreta on the Trinity as found in his commentaries on Boethius :$bdissertatio ad Lauream in Facultate Theologica Pontificiae Universitatis Gregorianae /$cby Michael E. Williams. 260 $aRomae :$bApud Aedes Universitatis Gregorianae,$c1951. 300 $aXV, 130 p. ;$c24 cm. 490 0 $aAnalecta Gregoriana ;$v56. 490 0 $aAnalecta Gregoriana. Series Facultatis Historiae Ecclesiasticae. Sectio B ;$v23 500 $aContiene : Bibliography. 650 4$aGilberto : Porretano <1076-1154>.$0(OLS)http://semarc/subject/45634 650 4$aTrinità - Teologia.$0(OLS)http://semarc/subject/1098 830 0$aAnalecta Gregoriana ;$v56.$0(OLS)http://semarc/title/9 830 0$aAnalecta Gregoriana. Series Facultatis Historiae Ecclesiasticae. Sectio B ;$v23.$0(OLS)http://semarc/title/19232 850 $aSeMil 852 $aSeMil$W1$xVenegono$y1$m2N V 156 ^$j33141$B33141$CSeMilBibl$Z2$F33144 $81 996 $6245$aThe teaching of Gilbert Porreta on the Trinity as found in his commentaries on Boethius :$bdissertatio ad Lauream in Facultate Theologica Pontificiae Universitatis Gregorianae$9(OLS)http://semarc/title/106672 996 $6260$aRomae :$bApud Aedes Universitatis Gregorianae$9(OLS)http://semarc/publisher/30266